1922 1844 1372 1102 1458 1783 1542 1750 1197 1946 1624 1335 1176 1883 1197 1910 1496 1400 1650 1262 1493 1271 1800 1166 1597 1532 1543 1800 1923 1927 1816 1239 1589 1179 1142 1347 1486 1671 1639 1282 1949 1456 1681 1212 1938 1724 1976 1065 1602 1804 1686 1380 1770 1457 1888 1644 1554 1329 1355 1839 1680 1046 1525 1219 1356 1871 1174 1213 1301 1351 1410 1025 1095 1199 1895 1744 1599 1230 1903 1250 1473 1301 1372 1590 1185 1862 1937 1560 1241 1482 1797 1711 1017 1520 1390 1179 1892 1509 1995 BCNSPRNW ULIB Ver.6.0+V

เปลี่ยนเป็นภาษาไทย

Change to English
 แสดงรายละเอียดบรรณานุกรม
  กลับหน้าหลัก

Brief Record : Get Marc (ISO 2709) : E-mail record : QR code < ปิดหน้าต่าง
LEADER : 00000nam 2200000uu 4500
001    13399124520
003     ULIB
008    150819s2548||||th 000 0 tha d
020    9789741332687
050  4 LB1025.3^bท512ร
100 0  ทิศนา แขมมณี
245 00 รูปแบบการเรียนการสอน:ทางเลือกที่หลากหลาย^c ทิศนา แขมมณี
945    ^p80^l0^i020394
999    ^aเกษร โพธิ์สุวรรณ
รายการนี้ยังไม่มีแท็ก
คุณยังไม่ได้ล็อกอิน คุณสามารถมีกิจกรรมร่วมกับเว็บไซต์ได้ แต่ต้องล็อกอินก่อน ::
  ล็อกอิน

รายการสื่อสารสนเทศ

ลำดับที่ ประเภท เลขเรียก/บาร์โค้ด สถานที่ สถานะ
1. การศึกษาทั่วไป
การศึกษาทั่วไป
LB1025.3 ท512ร ฉ.1 
  Barcode: 020394
ห้องสมุดวิทยาเขตสวรรค์ประชารักษ์
►หนังสือทั่วไป
บนชั้น

รายการใกล้เคียง
    ผู้แต่ง [ทิศนา แขมมณี]

BibComment


ยังไม่เคยถูกคอมเมนท์

คอมเมนท์ทรัพยากรรายการนี้
  คอมเมนท์: รูปแบบการเรียนการ..


 Copyright 2026. Bcnsprnw @Library